ARRUPE JESUIT UNIVERSITY

CORONAVIRUS -STOP THE SPREAD - CLEAN,DISINFECT,COVER

Law's Empire (Record no. 120608)

MARC details
000 -LEADER
fixed length control field 00477nam a22001697a 4500
008 - FIXED-LENGTH DATA ELEMENTS--GENERAL INFORMATION
fixed length control field 140604b xxu||||| |||| 00| 0 eng d
020 ## - INTERNATIONAL STANDARD BOOK NUMBER
International Standard Book Number 9781841130415
050 ## - LIBRARY OF CONGRESS CALL NUMBER
Classification number K230.D9 L39 1998
100 ## - MAIN ENTRY--PERSONAL NAME
Personal name Dworkin,Ronald
9 (RLIN) 10575
245 ## - TITLE STATEMENT
Title Law's Empire
Statement of responsibility, etc Ronald Dworkin
260 ## - PUBLICATION, DISTRIBUTION, ETC. (IMPRINT)
Place of publication, distribution, etc London
Name of publisher, distributor, etc Hart Publishing
Date of publication, distribution, etc 1998
300 ## - PHYSICAL DESCRIPTION
Extent xii,469p.;
Dimensions 20cm.
650 ## - SUBJECT ADDED ENTRY--TOPICAL TERM
Topical term or geographic name as entry element Law
General subdivision Philosophy
9 (RLIN) 10576
650 ## - SUBJECT ADDED ENTRY--TOPICAL TERM
Topical term or geographic name as entry element Jurisprudence
9 (RLIN) 10577
650 ## - SUBJECT ADDED ENTRY--TOPICAL TERM
Topical term or geographic name as entry element Common Law
9 (RLIN) 10578
942 ## - ADDED ENTRY ELEMENTS (KOHA)
Source of classification or shelving scheme Library of Congress Classification
Item type Monograph ( Printed materials)
Holdings
Withdrawn status Lost status Source of classification or shelving scheme Damaged status Not for loan Collection code Home library Current library Shelving location Date acquired Total Checkouts Full call number Barcode Date last seen Date last borrowed Price effective from Koha item type
    Library of Congress Classification     Main Collection ARRUPE LIBRARY ARRUPE LIBRARY Main Collection 04/06/2014 3 K230.D9 L39 1998 46500000684 21/05/2021 28/10/2020 04/06/2014 Monograph ( Printed materials)

 

Arrupe Library. PO Box MP320 Mt Pleasant, Harare, Zimbabwe
263 242 745411|librarian@aju.ac.zw